=LDR 00000nam 2200000 4500 =001 INLIS000000000009473 =990 ##$$a 103.893/Pro-96 =005 20210330072654 =990 ##$$a DW00025972 =035 ##$$a 0010-061300000009473 =990 ##$$a DW00025973 =008 210330###########################0###### =990 ##$$a DW00025974 =041 ##$$a Ind =990 ##$$a DW00025975 =082 ##$$a 634.956 2 =990 ##$$a 00040311 =090 ##$$a 634.9562, Mug-p =990 ##$$a 00040312 =100 ##$$a Wahju Qamara Mugnisjah =990 ##$$a 20610368 =245 1#$$a Produksi benih /$c Wahju Qamara Mugnisjah =990 ##$$a 20610369 =260 ##$$a Jakarta,$c 1995 =990 ##$$a 20610370 =300 ##$$a xiii, 130 hlm., ilus., 22 cm =990 ##$$a 20610371 =650 #4$$a Bibit =990 ##$$a 21400613/BPAP-NTB/20142014 =990 ##$$a 21400613/BPAP-NTB/20142014 =850 ##$$a NBPNMAT =020 ##$$a 979-526-168-1 =084 ##$$a 634.956 2 WAH p =990 ##$$a DW00025972 =990 ##$$a DW00025973 =990 ##$$a DW00025974 =990 ##$$a DW00025975 =990 ##$$a 00040311 =990 ##$$a 00040312 =990 ##$$a 20610368 =990 ##$$a 20610369 =990 ##$$a 20610370 =990 ##$$a 20610371 =990 ##$$a 21400613/BPAP-NTB/20142014 =990 ##$$a 21400613/BPAP-NTB/20142014 =990 ##$$a 07780778